100 Biggest Cities in Chile - Statistics

General Stats
  • This quiz has been taken 112 times
    74 since last reset
  • The average score is 39 of 100
Answer Stats
Rank Population Answer % Correct
1 5,220,161 Santiago
100%
3 352,638 Antofagasta
96%
6 252,888 Valparaíso
95%
4 334,248 Viña del Mar
95%
10 219,057 Concepción
93%
14 189,065 Iquique
93%
15 171,136 Puerto Montt
91%
12 204,078 Arica
89%
13 196,178 La Serena
88%
26 125,932 Punta Arenas
86%
7 237,295 Talca
84%
8 236,377 Temuco
82%
23 143,563 Los Ángeles
81%
9 231,890 Rancagua
77%
19 150,727 Valdivia
77%
16 164,574 Chillán
70%
18 150,962 Copiapó
70%
11 205,760 Coquimbo
70%
2 568,094 Puente Alto
70%
17 158,487 Calama
68%
22 147,826 Osorno
63%
25 126,092 Curicó
61%
21 148,440 Talcahuano
58%
5 291,610 San Bernardo
56%
45 49,968 Coyhaique
54%
76 26,255 Puerto Varas
49%
32 86,569 San Antonio
49%
62 34,044 Castro
46%
37 74,139 Linares
46%
40 64,484 San Felipe
46%
42 58,598 San Fernando
46%
72 28,265 Ancud
44%
35 77,021 Ovalle
44%
96 18,354 Pucón
44%
65 32,218 Villarrica
44%
38 72,650 Melipilla
40%
41 60,341 Los Andes
39%
36 74,238 Quillota
39%
20 149,596 Quilpué
39%
39 66,180 Buin
37%
31 89,037 Colina
37%
28 113,074 Coronel
37%
93 19,180 Puerto Natales
37%
98 17,814 Quellón
37%
55 39,409 Concón
35%
50 46,019 Vallenar
35%
27 125,327 Villa Alemana
35%
29 105,884 Alto Hospicio
33%
61 34,097 Constitución
33%
64 32,661 San Carlos
33%
47 48,911 Angol
32%
57 39,169 Limache
30%
51 43,427 Lota
30%
30 90,985 Hualpén
28%
48 47,171 La Calera
28%
83 22,824 Santa Cruz
28%
43 56,990 Talagante
28%
79 24,631 Tocopilla
28%
60 37,318 Molina
26%
67 30,794 Parral
26%
34 83,064 Peñaflor
26%
77 24,856 Victoria
26%
87 20,846 Cartagena
25%
66 31,718 Paine
25%
58 37,932 Rengo
25%
24 131,684 San Pedro de la Paz
25%
86 20,967 San Vicente de Tagua Tagua
25%
33 85,863 Chiguayante
23%
84 21,052 Illapel
23%
59 37,677 Lampa
23%
44 55,728 Padre Hurtado
23%
74 26,884 Quintero
23%
52 42,647 Tomé
23%
97 18,002 Casablanca
19%
63 33,114 Cauquenes
19%
92 19,393 La Ligua
19%
75 26,662 La Unión
19%
49 46,900 Penco
19%
73 27,409 Chillán Viejo
18%
95 18,770 Curacaví
18%
54 42,136 Padre Las Casas
18%
70 29,358 San Javier
18%
85 20,989 Lebu
16%
100 17,643 Arauco
14%
78 24,679 Lautaro
14%
82 23,031 Nacimiento
14%
90 19,494 Cañete
12%
89 19,689 Hualqui
12%
46 48,972 Machalí
12%
88 20,367 San Clemente
12%
99 17,972 Llaillay
11%
80 24,149 Mulchén
11%
94 18,881 Nueva Imperial
11%
56 39,344 Placilla de Peñuelas
11%
53 42,267 Alerce
7%
69 30,045 El Monte
7%
71 28,737 Graneros
7%
68 30,174 Curanilahue
5%
81 24,008 Labranza
5%
91 19,452 La Cruz
5%
No matching quizzes found
Score Distribution
Percent of People with Each Score
Percentile by Number Answered
Your Score History
You have not taken this quiz since the last reset